000 00691nam a2200241Ia 4500
003 OSt
005 20221007070217.0
006 a|||||r|||| 00| 0
007 ta
008 221006b |||||||| |||| 00| 0 eng d
024 _a15,083
037 _cTextual
040 _aFLL
_cFLL
_beng
041 _2eng
_aeng
082 _aX:92.4.N6, L0
110 _aInternation labour organisation
_9687245
245 0 _aEquality of opportunity in employment in Aisa
260 _aGeneva
_bInternational labour office Geneva
_c1970
300 _a142p
_ccm.
700 _aInternation labour organisation
_9687246
942 _hX:92.4.N6, L0
_cTEXL
_2CC
999 _c1139797
_d1139797